000 006320000a22001930004500
090 _aAR
_b03097
245 1 0 _aInterspecific interactions among phytophagous insects of tallgrass prairie: an experimental test
650 1 4 _aInsectos
_992622
650 1 4 _aEntomología
_94483
650 1 4 _aLangostas
_996609
650 1 4 _aDensidad poblacional
_97576
650 1 4 _aEcología de poblaciones
_93557
651 4 _lKonza
_dKansas
_pEstados Unidos
_992749
653 _gPhoetaliotes
_ePhoetaliotes nebrascensis
041 0 _aInglés
100 1 _aEvans, Edward W.
_996699
942 _cARTICULO
773 1 _tEcology
_357
_h2
_q435-444
_d1989
_g70
999 _c12152
_d12152